000 00277nam a2200109Ia 4500
001 587600
005 20250717113818.0
008 250717s9999 xx 000 0 und d
245 0 _aW-2 DALTONLAR FİRARDA
_cMORRIS GOSEINNY
260 _bYAPI KREDİ YAYINLARI
_c2020
300 _b46
999 _c587600
_d587600